Регионална библиотека "Любен Каравелов" - Русе

Защо лаят краставите магарета (Запис номер 470396)

MARC детайли
000 -Лидер
Контролно поле с фиксирана дължина 01169nam a2200349 a 4500
003 - Код на организацията, давaща контролен номер
Контролно поле BLK
005 - Дата и час на последна редакция
Контролно поле 20250128005515.0
008 - Елементи от данни с фиксирана дължина
fixed length control field 200210b bu ||||| |||| 00| 0 bu d
020 ## - Международен стандартен номер на книга ISBN
Международен стандартен номер на книга ISBN 9786190110224
020 ## - Международен стандартен номер на книга ISBN
Международен стандартен номер на книга ISBN 9789544113131
020 ## - Международен стандартен номер на книга ISBN
Международен стандартен номер на книга ISBN 978-619-01-1022-3
040 ## - Източник на каталожния запис
Идентификатор на билиотеката - собственик на записа BLK
041 ## - Код за език
Код за езика на текст/звукозапис или на отделно заглавие Български
Код за езика КДБФ Български
080 ## - УДК
Текстов определител УДК Вътрешна политика. Вж и 329
УДК код - определител по УДК 323
УДК определител (497.2)
УДК - код + определител 323(497.2)
100 ## - Редна дума - Автор
Автор Тодоров, Калин Станков
Авторска отговорност първи автор
R(LIN) 1299
139 ## - Редно поле
Редна дума Тодоров, Калин Станков
Авторски знак Тодо - Т 64
245 ## - Сведения за заглавието
Заглавие Защо лаят краставите магарета
Редно поле (дума) Калин Тодоров
257 ## - Страна на издаване
Страна на създаване/издаване България
260 ## - Област на издателските данни
9 (RLIN) 210881
Място на издаване, разпространение и проч. София
Име на издателя, разпространителя и проч. Изток-Запад
Година на издаване 2022
260 ## - Област на издателските данни
9 (RLIN) 209592
Име на издателя, разпространителя и проч. Факел
Издателство - префикс ISBN 978-954-411-
300 ## - Физическа характеристика
Страници 119 с.
Размери/Мащаб 20 см
380 ## - Жанр
Жанр Обществени науки
650 #0 - Допълнително описание по предмет – тема
Основно описание – тема или топоним България - вътрешна политика
9 (RLIN) 241559
653 #7 - Ключова дума – ненормативна
9 (RLIN) 194914
Ключова дума публицистика
852 ## - Местоположение
Форматна сигнатура Цб 315611
Фондова буква Хранилище
856 ## - Електронен адрес и достъп
Инструкция (цена за достъп) 0.00
Права за достъп disable
999 ## - СИСТЕМНИ КОНТРОЛНИ НОМЕРА
Koha biblionumber 470396
Koha biblioitemnumber 470396
942 ## - АРТИКУЛИ
Източник на класификационната схема Universal Decimal Classification
Вид на библиотечния материал Книги
Скрит в OPAC Не
Периодичен библиозапис Да
Koha issues (borrowed), all copies 46
944 ## - СЪЗДАВАНЕ И РЕДАКЦИЯ на ЗАПИСА
Служител, извършил регистрацията/редакцията
Статус, дата на статуса CRON CRON
999 ## - СИСТЕМНИ КОНТРОЛНИ НОМЕРА
Koha biblioitemnumber 470396
999 ## - СИСТЕМНИ КОНТРОЛНИ НОМЕРА
Koha biblioitemnumber 470396
999 ## - СИСТЕМНИ КОНТРОЛНИ НОМЕРА
Koha biblioitemnumber 470396
Наличности
Код за отписване Код за изгубен артикул Източник на класификационната схема Код за повреда Коз за рестрикции Код за отдаване Артикулен № Име на библиотеката - собственик Име на библиотеката, в която се намира в момента Статус (Текущо местоположение) Дата на вписване в системата Местоположение - отдел Цена в лева Систематично азбучна сигнатура Баркод Цена в евро Служебен тип на артикула
  Не е изгубен Universal Decimal Classification Не е повреден без рестрикции заемане за дома 900318 Регионална библиотека "Любен Каравелов" Русе Регионална библиотека "Любен Каравелов" Русе Заемна - подръчен фонд 2022-08-16 Заемна - подръчен фонд 9.00 323(497.2)/Т 64 К 120000874160 4.60 Книги
  Не е изгубен Universal Decimal Classification Не е повреден само за читалня ползва се в читалня 920620 Регионална библиотека "Любен Каравелов" Русе Регионална библиотека "Любен Каравелов" Русе Хранилище 2022-12-19 Хранилище 12.00 Цб 315611 120000880465 6.14 Книги
Vip Innovations Ltd, Rousse, Bulgaria 2025